| 000 | 00377nam a2200145Ia 4500 | ||
|---|---|---|---|
| 005 | 20251222153615.0 | ||
| 008 | 251222s9999||||xx |||||||||||||| ||spa|| | ||
| 020 | _a8440499922 | ||
| 082 | _a616.979.2/C84 | ||
| 100 | _aCosta, J.R. | ||
| 245 | 0 | _aLa Infección por el Virus de la Inmunodeficiencia Humana: | |
| 250 | _a1ra. ed. | ||
| 264 | _bWellcome - España | ||
| 942 | _cLIB | ||
| 999 |
_c31758 _d31758 |
||